006510000a22001690004500020001500000082001800015100003800033245008800071260003100159260000900190300000800199490004800207650006700255942000700322999001900329952013300348 a0471567396 a581.87322 PLA aCristopher J LambaRoger N Beachy a Plant gene transfer : Proceedings of a UCLA symposium , Held at Park City,1989 aNew York, Willeyt - Liss c1990 a345 aUCLA symposis on moleclar and cell biology aGene transfer/ genetic engineering Crop-genetic Engineering / cBK c366829d366829 001040708REFaKAUCOAVbKAUCOAVcREFd2014-05-02g0.00l0o581.87322 PLApKAU_COAV-24831r2025-09-03 00:00:00w2014-05-02yREF